Opał Dokończ tekst #1 - Statystyki

Ogólne statystyki
  • Ten quiz został rozwiązany 34 razy
  • Średni wynik to 6 z 15
Statystyki odpowiedzi
Nazwa i część tekstu Odpowiedź % Poprawnych
1.Alicja w krainie dziwów. Biegając w cichobiegach po podwórkach niewinności Ten świat zaczarowany jednocześnie był tak prosty
65%
7.Niebo. Przez ostatni rok ciąg bieg z lotniska na festiwal W domu spałem może 3 dni więc już go tak nie nazywam
60%
8.Palo santo. Niczego mi nie podano pod pysk Zgrywam emocje jak dane na dysk
60%
4.Dron. Nie mam tutaj nic oprócz twojej dłoni w dłoniach Ale to i tak jakbym trzymał w dłoniach wszystko
55%
3.Odbierz mnie. Latałem daleko gdzieś, pisałem eske że tęsknie Mówiłaś mi trzymaj się, wiesz że to w chuj nieporęczne jest
55%
2.Przyjaciel. Mój stary przyjaciel, cień w moich objęciach Witają mnie twarze których nie pamiętam
50%
5.Walka z cieniem. Kolor mojej ściany jest biały i szary i Écru Zależnie od pory dnia i percepcji
45%
9.Róże zostawmy betonom. Wiadomo, ziomo, nie dzwonię po pomoc Ale dzwonię po moc Jak wszyscy leją mi wodę to ciężko jest w niej nie utonąć
35%
13.Łapacz snów. Może widzę świat w innym kolorze niż go nam dali Olać osiem kobiet kiedy aura jednej ma kolor mandali
30%
15.Pierwsza jesień bez depresji. krople o parapet wybijają rytm jak bębny I dopiero teraz zrozumiałem co to drip
25%
11.Rave. Zwijam się w kłęb i koło jak Uroboros Kiedyś to wrzucę na dziarke
25%
14.The generacja. Dzieci zmulone wypełzły ze szkoły Światła wyświetlaczy nadają twarzom koloryt
25%
6.Drop. U mnie też dobrze, rzucam na blok blok nowy krążek Prawie jak hokej Edmonton oilers
20%
10.O2. Dobry wiatr co rozwiewa wczorajsze Tam gdzie ja, tam gdzie brat, tam gdzie kartel
15%
12.Houston mamy problem. Nie pasuje tu, więc gubię się w tym obcym dla mnie świecie Ja jestem tylko obiektem oblepionym zewsząd mięsem
10%
Nie znaleziono quizów pasujących do podanych kryteriów
Rozkład punktacji
Procent ludzi z każdym wynikiem
Percentyl według liczby udzielonych odpowiedzi
Twoja historia wyników
Nie rozwiązałeś tego quizu